000 00864cam a22002411 4500
001 sd 40000192
003 DLC
005 20260227112733.0
008 061211s1939 bo b 000 0 spa
010 _asd 40000192
040 _aDLC
_cDLC
_dDLC
043 _as-bo---
050 0 0 _aF3324
_b.O4
100 1 _aOlañeta, Casimiro,
_d1795-1860.
245 1 0 _aFolletos escogidos de Casimiro Olañeta.
260 _aLa Paz, Bolivia,
_bImp. artística,
_c1939.
300 _a4 p. l., xxxiv, 197 p.
_c20 cm.
490 0 _aBiblioteca boliviana; publicaciones del Ministerio de educación, bellas artes y asuntos indígenas,
_vno. 6
500 _a"Notas sobre Casimiro Olañeta" (p. i-xxxiv) signed: Gustavo Adolfo Otero.
651 0 _aBolivia
_xHistory
_y1825-
651 0 _aPeru
_xHistory
_zPeru-Bolivian Confederation.
700 1 _aOtero, Gustavo Adolfo,
_d1896-1958.
999 _c89860
_d89860